000 00789nam a2200253Ia 4500
003 OSt
005 20220918171338.0
006 a|||||r|||| 00| 0
007 ta
008 220917b |||||||| |||| 00| 0 eng d
020 _a9781517900519 (pvk)
_cUKP 24.99
024 _a325,802
037 _b53831, 12/01/2018, Segment Book Distributors
_cTextual
040 _aARTS
_cARTS
_beng
041 _2eng
_aeng
082 _aNW, Q7
100 _aBerzogenrath Bernd Ed.
_936015
245 0 _aFilm as philosophy
260 _aMinneapolis
_bUniversity of Minnesota Press USA
_c2017
300 _axxv,341p.
_ccm.
650 _aFILM LITERATURE
_936016
942 _hNW, Q7
_cTEXL
_2CC
999 _c139167
_d139167